00293 a2200121 4500001000700000020001800007040003500025100002100060240003800081245003300119300001000152362000900162156890 a9788508118724 cEscola São Tomás de Aquino aBELINKY, Tatiana10aA operação do tio Onofrelpor10aA operação do tio Onofre a24 p.0 a2008